[Event "63. BEM 2009"]
[Site "Dortmund"]
[Date "2009.03.09"]
[Round "7.14"]
[White "Völler, Lothar"]
[Black "Krüger, Georg"]
[Result "0-1"]
[WhiteElo "1492"]
[BlackElo "1711"]
[PlyCount "90"]
[EventDate "2009.??.??"]
[Source "SG Dortmund"]
[SourceDate "2004.12.16"]

1. e4 c5 2. d4 cxd4 3. c3 dxc3 4. Nxc3 d6 5. Bc4 Nf6 6. Nf3 g6 7. O-O Bg7 8. e5
dxe5 9. Qxd8+ Kxd8 10. Bxf7 e6 11. Nxe5 Nc6 12. Nxg6 hxg6 13. Bxg6 Bh6 14. f4
a6 15. Be3 Kc7 16. g3 Ng4 17. Bc5 Nxh2 18. Rfd1 b6 19. Bd6+ Kb7 20. Be4 Ng4 21.
Rac1 Bd7 22. b4 Rac8 23. b5 axb5 24. Nxb5 Nf6 25. Bf3 Rcg8 26. Kg2 Nd5 27. Bxd5
exd5 28. Rxd5 Re8 29. Nd4 Be6 30. Nxe6 Rxe6 31. f5 Rxd6 32. Rxd6 Bxc1 33. g4
Kc7 34. Rg6 Bf4 35. Kf3 Ne5+ 36. Kxf4 Nxg6+ 37. fxg6 Kd7 38. Kf5 Ke7 39. g7 Rg8
40. Kg6 Ke6 41. Kh7 Kf7 42. Kh6 Rxg7 43. g5 Rg6+ 44. Kh5 Rc6 45. Kg4 Kg6 0-1

[Event "63. BEM 2009"]
[Site "Dortmund"]
[Date "2009.03.09"]
[Round "7.15"]
[White "Duschek, Günter"]
[Black "Zabel, Reinhard"]
[Result "1/2-1/2"]
[WhiteElo "1640"]
[BlackElo "1489"]
[PlyCount "74"]
[EventDate "2009.??.??"]
[Source "SG Dortmund"]
[SourceDate "2004.12.16"]

1. d4 d5 2. Bf4 Nf6 3. Nf3 e6 4. e3 c5 5. c3 Nc6 6. Bd3 h6 7. h3 Bd6 8. Ne5 Qc7
9. Bb5 O-O 10. Bxc6 bxc6 11. Nd2 cxd4 12. exd4 Ba6 13. Qf3 Rfc8 14. Nd3 Bxf4
15. Nxf4 c5 16. dxc5 Qxc5 17. Qe3 Qxe3+ 18. fxe3 e5 19. Ne2 Bxe2 20. Kxe2 Rab8
21. Rab1 Ne4 22. Nxe4 dxe4 23. Rhd1 Rd8 24. Rxd8+ Rxd8 25. Rd1 Rxd1 26. Kxd1
Kf8 27. a4 Ke7 28. b4 f5 29. a5 Kd6 30. c4 a6 31. b5 axb5 32. cxb5 Kc5 33. b6
Kc6 34. g3 g5 35. Ke2 f4 36. g4 f3+ 37. Kf2 Kb7 1/2-1/2

[Event "63. BEM 2009"]
[Site "Dortmund"]
[Date "2009.03.09"]
[Round "7.16"]
[White "Reinacher, Detlev"]
[Black "Hansen, Jochen"]
[Result "1/2-1/2"]
[WhiteElo "1554"]
[BlackElo "1396"]
[PlyCount "65"]
[EventDate "2009.??.??"]
[Source "SG Dortmund"]
[SourceDate "2004.12.16"]

1. d4 d5 2. c4 e6 3. Nc3 Nf6 4. Nf3 Be7 5. e3 O-O 6. Bd3 Nbd7 7. O-O c5 8. b3
b6 9. Bb2 Bb7 10. Re1 Ne4 11. Nd2 Ndf6 12. f3 Nd6 13. dxc5 bxc5 14. cxd5 exd5
15. Na4 Rc8 16. Rc1 Nde8 17. Rc2 Nd7 18. Qc1 Nef6 19. Ba3 Qc7 20. e4 Bd6 21. h3
Nh5 22. exd5 Bh2+ 23. Kf1 Ng3+ 24. Kf2 Nh5 25. Ne4 Bg3+ 26. Nxg3 Qxg3+ 27. Kf1
Qh2 28. Qg5 Ndf6 29. Bxc5 Rfe8 30. Rxe8+ Rxe8 31. Bg1 Ng3+ 32. Kf2 Nh1+ 33. Kf1
1/2-1/2

[Event "63. BEM 2009"]
[Site "Dortmund"]
[Date "2009.03.09"]
[Round "7.17"]
[White "Wiebesiek, Michael"]
[Black "Gennat, Egon L"]
[Result "1/2-1/2"]
[WhiteElo "1524"]
[BlackElo "1362"]
[PlyCount "57"]
[EventDate "2009.??.??"]
[Source "SG Dortmund"]
[SourceDate "2004.12.16"]

1. d4 d5 2. Bg5 h6 3. Bh4 Nf6 4. Nf3 Bf5 5. e3 e6 6. Bd3 Bxd3 7. Qxd3 a6 8. O-O
Nbd7 9. c4 c5 10. cxd5 exd5 11. dxc5 Nxc5 12. Qf5 Qd7 13. Qe5+ Qe6 14. Bg3 Qxe5
15. Bxe5 Be7 16. Rd1 Rd8 17. Nc3 O-O 18. Nd4 Ng4 19. Nf5 Nxe5 20. Nxe7+ Kh7 21.
Nexd5 g5 22. Rac1 Ne6 23. Rc2 Kg7 24. b3 g4 25. Rcd2 f5 26. Nc7 Rde8 27. Nxe6+
Rxe6 28. Nd5 Rc8 29. Kf1 1/2-1/2

[Event "63. BEM 2009"]
[Site "Dortmund"]
[Date "2009.03.09"]
[Round "7.18"]
[White "Siwy, Boguslaw"]
[Black "Schultz, Bernfried"]
[Result "1/2-1/2"]
[WhiteElo "1412"]
[BlackElo "1683"]
[PlyCount "64"]
[EventDate "2009.??.??"]
[Source "SG Dortmund"]
[SourceDate "2004.12.16"]

1. e4 e5 2. Nf3 Nc6 3. Bc4 Be7 4. O-O Nf6 5. d4 exd4 6. e5 Ng4 7. Re1 d5 8. Bb5
O-O 9. h3 Nh6 10. Bxh6 gxh6 11. Nxd4 Nxd4 12. Qxd4 Bf5 13. Bd3 c5 14. Qe3 Bxd3
15. cxd3 Qb6 16. Nc3 Rad8 17. b3 Kh8 18. Qf3 Qe6 19. Rad1 Rg8 20. d4 Rg5 21.
dxc5 d4 22. Na4 Rd5 23. b4 Rf5 24. Qd3 Rfxe5 25. Rxe5 Qxe5 26. Qb5 {(=)} 26...
d3 27. Rxd3 Rxd3 28. Qxd3 Qe1+ 29. Kh2 Qxb4 30. Qb3 Qf4+ 31. Kg1 Qc1+ 32. Kh2
Qf4+ 1/2-1/2

[Event "63. BEM 2009"]
[Site "Dortmund"]
[Date "2009.03.09"]
[Round "7.19"]
[White "Noori, Mir Ahmad"]
[Black "Kiauka, Richard"]
[Result "1-0"]
[WhiteElo "1548"]
[BlackElo "1148"]
[PlyCount "75"]
[EventDate "2009.??.??"]
[Source "SG Dortmund"]
[SourceDate "2004.12.16"]

1. d4 d5 2. Nf3 h6 3. e3 Bf5 4. Be2 e6 5. a3 Be7 6. Nbd2 Nf6 7. c4 O-O 8. cxd5
exd5 9. O-O Nbd7 10. b4 c6 11. Bb2 Qc7 12. Rc1 a6 13. Nb3 Ne4 14. Nc5 Ndxc5 15.
dxc5 Bf6 16. Nd4 Bxd4 17. Qxd4 f6 18. f3 Ng5 19. Qd2 Bh7 20. Bd4 Ne6 21. Bc3
Rfe8 22. Bd3 Bxd3 23. Qxd3 Re7 24. Be1 Rae8 25. Bg3 Qd7 26. Bd6 Rf7 27. Rfe1
Nc7 28. a4 Re6 29. Re2 Ne8 30. Bg3 Nc7 31. Rce1 Rfe7 32. Bd6 Re8 33. Kf2 Rxd6
34. cxd6 Qxd6 35. g3 Qxb4 36. Rb1 Qxa4 37. Rxb7 Nb5 38. Qg6 1-0

[Event "63. BEM 2009"]
[Site "Dortmund"]
[Date "2009.03.09"]
[Round "7.20"]
[White "Schrimpl, Michael"]
[Black "Jentzsch, Werner Wilfried"]
[Result "1-0"]
[WhiteElo "1476"]
[BlackElo "1414"]
[PlyCount "63"]
[EventDate "2009.??.??"]
[Source "SG Dortmund"]
[SourceDate "2004.12.16"]

1. c4 e6 2. Nc3 Nf6 3. e4 d5 4. e5 Nfd7 5. d4 dxc4 6. Bxc4 Nb6 7. Bb3 c5 8. Be3
c4 9. Bc2 Nd5 10. Nxd5 exd5 11. Ne2 Bb4+ 12. Nc3 Qa5 13. Bd2 Be6 14. O-O Nc6
15. Ba4 O-O 16. Bxc6 bxc6 17. a3 Bxc3 18. Bxc3 Qb6 19. g4 Qd8 20. f4 f5 21. g5
a5 22. Kf2 a4 23. Ke3 Qb6 24. Rf2 c5 25. dxc5 Qxc5+ 26. Bd4 Qb5 27. Rc1 Rfc8
28. Bc3 Qb6+ 29. Qd4 Qxd4+ 30. Kxd4 Rab8 31. Rcc2 Rc6 32. h3 {
und Schwarz ueberschritt die Zeit ...} 1-0

[Event "63. BEM 2009"]
[Site "Dortmund"]
[Date "2009.03.09"]
[Round "7.21"]
[White "Krüger, Inge"]
[Black "Pfeffer, Josef"]
[Result "1-0"]
[WhiteElo "1272"]
[BlackElo "1241"]
[PlyCount "115"]
[EventDate "2009.??.??"]
[Source "SG Dortmund"]
[SourceDate "2004.12.16"]

1. d4 d5 2. c4 dxc4 3. Nf3 e6 4. Nc3 Be7 5. e3 Nf6 6. Bxc4 c6 7. O-O O-O 8. Qc2
Nd5 9. a3 b6 10. Bd3 g6 11. Nxd5 exd5 12. b4 a6 13. Bb2 f5 14. Rac1 Bd6 15. Ne5
Bxe5 16. dxe5 Be6 17. a4 Qe7 18. Ba3 b5 19. axb5 axb5 20. Ra1 Bd7 21. Qb2 Be6
22. f3 Na6 23. Rfc1 Bd7 24. Qd4 Rfb8 25. e4 Be6 26. Rxc6 dxe4 27. fxe4 Rd8 28.
Rd6 Rxd6 29. exd6 Qa7 30. Qxa7 Rxa7 31. Rc1 Nb8 32. Bb2 Bd7 33. e5 Rb7 34. Be2
Kf7 35. Bf3 Ra7 36. Bd5+ Be6 37. Bxe6+ Kxe6 38. Rc7 Ra8 39. Re7+ Kd5 40. d7 Nc6
41. Re8 Ra7 42. d8=Q+ Nxd8 43. Rxd8+ Ke6 44. Rb8 Ra2 45. Rb6+ Ke7 46. Bd4 Rd2
47. Bc5+ Ke8 48. Rxb5 Kf7 49. Rb6 Re2 50. Rf6+ Kg7 51. Bf8+ Kg8 52. e6 Rc2 53.
e7 Rc8 54. b5 Rb8 55. b6 Re8 56. b7 Rb8 57. Bh6 Re8 58. Rf8+ 1-0

[Event "63. BEM 2009"]
[Site "Dortmund"]
[Date "2009.03.09"]
[Round "7.22"]
[White "Schirmer, Michael"]
[Black "Schoppe, Hans-Werner"]
[Result "1-0"]
[WhiteElo "1424"]
[BlackElo "1299"]
[PlyCount "75"]
[EventDate "2009.??.??"]
[Source "SG Dortmund"]
[SourceDate "2004.12.16"]

1. c4 e6 2. Nc3 Nf6 3. e4 d6 4. d4 c6 5. Nf3 Be7 6. Bd3 O-O 7. O-O b6 8. Qc2
Nfd7 9. e5 g6 10. Bh6 Re8 11. Ne4 dxe5 12. dxe5 Nc5 13. Nxc5 Bxc5 14. Rad1 Nd7
15. h4 Qc7 16. Rfe1 Bf8 17. Qd2 Bg7 18. Bxg7 Kxg7 19. h5 h6 20. hxg6 fxg6 21.
Qf4 Qd8 22. Be4 Bb7 23. Rd6 Rc8 24. Nd4 Rc7 25. Nxe6+ Rxe6 26. Rxe6 Nf8 27. Rd6
Qe7 28. e6 c5 29. Red1 Bc8 30. Qe5+ Kh7 31. Rd8 Bxe6 32. Rxf8 Bg8 33. Qxe7+
Rxe7 34. Bd5 Kg7 35. Rxg8+ Kf6 36. Rf8+ Kg5 37. f4+ Kg4 38. Kf2 1-0

[Event "63. BEM 2009"]
[Site "Dortmund"]
[Date "2009.03.09"]
[Round "7.23"]
[White "Hast, Stefan"]
[Black "Schaefer, Ulrich"]
[Result "1-0"]
[WhiteElo "1143"]
[BlackElo "1328"]
[PlyCount "47"]
[EventDate "2009.??.??"]
[Source "SG Dortmund"]
[SourceDate "2004.12.16"]

1. e4 e5 2. Nf3 Nc6 3. Bc4 Nf6 4. Ng5 d5 5. exd5 Nxd5 6. Nxf7 Kxf7 7. Qf3+ Qf6
8. Bxd5+ Be6 9. Bxc6 bxc6 10. Qxc6 Bd6 11. Nc3 Rhd8 12. Ne4 Qg6 13. Nxd6+ cxd6
14. Qf3+ Kg8 15. O-O e4 16. Qg3 Qf5 17. b3 d5 18. Bb2 d4 19. c3 Rac8 20. cxd4
Rc2 21. Rab1 Rxd2 22. d5 g6 23. dxe6 R2d3 24. Qc7 1-0

[Event "63. BEM 2009"]
[Site "Dortmund"]
[Date "2009.03.09"]
[Round "7.24"]
[White "Vogt, Christian"]
[Black "Weih, Kurt"]
[Result "1/2-1/2"]
[WhiteElo "1046"]
[BlackElo "1232"]
[PlyCount "42"]
[EventDate "2009.??.??"]
[Source "SG Dortmund"]
[SourceDate "2004.12.16"]

1. d4 d5 2. c4 e5 3. e3 exd4 4. exd4 Bb4+ 5. Nc3 Nc6 6. Nf3 Bg4 7. Be2 Nge7 8.
O-O O-O 9. Bf4 Bxc3 10. bxc3 Ng6 11. Bg3 Nce7 12. h3 Be6 13. c5 h6 14. Ne5 f6
15. Nd3 Qd7 16. Rb1 b6 17. Bf3 Nf5 18. Bh2 Nfh4 19. Re1 Rae8 20. Bh5 Bf7 21.
Qg4 Qxg4 1/2-1/2

[Event "63. BEM 2009"]
[Site "Dortmund"]
[Date "2009.03.09"]
[Round "7.25"]
[White "Fahle, Karl-Wilhelm"]
[Black "Bönke, Holger E"]
[Result "1-0"]
[WhiteElo "1202"]
[BlackElo "1121"]
[PlyCount "49"]
[EventDate "2009.??.??"]
[Source "SG Dortmund"]
[SourceDate "2004.12.16"]

1. e4 e6 2. d4 d5 3. e5 c5 4. c3 Nc6 5. Nf3 Bd7 6. Be2 Qb6 7. O-O f6 8. Nbd2 c4
9. b3 Na5 10. bxc4 dxc4 11. Nxc4 Qc7 12. Nxa5 Qxa5 13. Qb3 Qc7 14. Bc4 fxe5 15.
Nxe5 Bd6 16. Re1 Bxe5 17. Rxe5 O-O-O 18. Rc5 Bc6 19. Bxe6+ Kb8 20. g3 Ka8 21.
d5 Rxd5 22. Bxd5 Qe5 23. Rxc6 Ne7 24. Re6 Qxd5 25. Rxe7 1-0

[Event "63. BEM 2009"]
[Site "Dortmund"]
[Date "2009.03.09"]
[Round "7.26"]
[White "Rabe, Mark"]
[Black "Strotmann, Dieter"]
[Result "0-1"]
[WhiteElo "999"]
[BlackElo "1192"]
[PlyCount "144"]
[EventDate "2009.??.??"]
[Source "SG Dortmund"]
[SourceDate "2004.12.16"]

1. Nf3 d5 2. d4 Nf6 3. e3 Bg4 4. h3 Bh5 5. Be2 e6 6. c3 Bd6 7. Ne5 Bxe2 8. Qxe2
Nbd7 9. Ng4 Qe7 10. Nd2 Nxg4 11. Qxg4 Qf6 12. O-O Qg6 13. Qe2 O-O 14. e4 f6 15.
exd5 exd5 16. Qe6+ Qf7 17. Qg4 f5 18. Qd1 Nf6 19. Nf3 h6 20. Qd3 Ne4 21. Nd2
Rae8 22. Nf3 c6 23. b3 Qc7 24. c4 g5 25. c5 Bf4 26. Bxf4 gxf4 27. b4 Re7 28.
Nh4 Rg7 29. Qe2 Qf7 30. a4 Qf6 31. Qh5 Rg5 32. Qf3 Nd2 33. Qxf4 Nxf1 34. Kxf1
Re8 35. Nf3 Rg7 36. Ne5 Qg5 37. Qf3 Rf8 38. a5 Qd2 39. Rd1 Qxb4 40. Qh5 Qb5+
41. Kg1 Kh7 42. Kh2 Qxa5 43. Rd3 Qd8 44. f4 Qe8 45. Qe2 Rfg8 46. g4 fxg4 47. h4
Qh5 48. Kg3 Qf5 49. Qe3 Qe4 50. Qd2 Qh1 51. Qg2 Qxg2+ 52. Kxg2 a5 53. Ra3 Ra8
54. Kg3 h5 55. Rb3 a4 56. Ra3 Re7 57. f5 Kg7 58. Kf4 Kf6 59. Ng6 Re4+ 60. Kg3
Rxd4 61. Nf4 Rb4 62. Nxh5+ Kxf5 63. Ng7+ Kf6 64. Nh5+ Ke5 65. Re3+ Re4 66. Ra3
Ra5 67. Ng7 Rb5 68. Ne8 Rb3+ 69. Rxb3 axb3 70. h5 b2 71. h6 b1=Q 72. h7 Qh1 0-1

[Event "63. BEM 2009"]
[Site "Dortmund"]
[Date "2009.03.10"]
[Round "8.1"]
[White "Schiefelbusch, Dirk"]
[Black "Schütte, Tobias"]
[Result "1/2-1/2"]
[WhiteElo "2093"]
[BlackElo "1912"]
[PlyCount "45"]
[EventDate "2009.??.??"]
[Source "SG Dortmund"]
[SourceDate "2004.12.16"]

1. b4 e6 2. Bb2 Nf6 3. b5 d5 4. e3 c5 5. c4 b6 6. Nf3 Nbd7 7. Nc3 Bb7 8. d4
cxd4 9. Qxd4 Bc5 10. Qd2 Qe7 11. cxd5 Nxd5 12. Be2 Nxc3 13. Bxc3 Nf6 14. Qb2
Ba3 15. Qb3 Ne4 16. O-O Nxc3 17. Qxc3 O-O 18. Nd4 Rac8 19. Nc6 Bxc6 20. bxc6
Bd6 21. Bf3 e5 22. Bd5 Kh8 23. Rfd1 1/2-1/2

[Event "63. BEM 2009"]
[Site "Dortmund"]
[Date "2009.03.10"]
[Round "8.2"]
[White "Goldschmidt, Christian"]
[Black "Lindam, Ingo"]
[Result "1-0"]
[WhiteElo "2169"]
[BlackElo "2033"]
[PlyCount "33"]
[EventDate "2009.??.??"]
[Source "SG Dortmund"]
[SourceDate "2004.12.16"]

1. e4 d5 2. exd5 Nf6 3. d4 Bg4 4. Nf3 Qxd5 5. Be2 Nc6 6. O-O O-O-O 7. Be3 Qh5
8. h3 e5 9. hxg4 Nxg4 10. Nh4 f5 11. g3 Nxd4 12. Bxg4 fxg4 13. Bxd4 Rxd4 14.
Qe2 Bc5 15. Nc3 e4 16. Rad1 Rb4 17. Rd5 1-0

[Event "63. BEM 2009"]
[Site "Dortmund"]
[Date "2009.03.10"]
[Round "8.3"]
[White "Zelt, Jens"]
[Black "Kartsev, Alexandr"]
[Result "0-1"]
[WhiteElo "2015"]
[BlackElo "1988"]
[PlyCount "142"]
[EventDate "2009.??.??"]
[Source "SG Dortmund"]
[SourceDate "2004.12.16"]

1. e4 d5 2. d4 dxe4 3. Nc3 Bf5 4. g4 Bg6 5. Bg2 Nc6 6. d5 Ne5 7. Bf4 Nc4 8. Qe2
Nd6 9. O-O-O Nf6 10. h4 h5 11. g5 Nd7 12. Nxe4 Bxe4 13. Bxe4 g6 14. Kb1 Nc5 15.
Bd3 Nxd3 16. Qxd3 Bg7 17. Ne2 Qd7 18. Bxd6 exd6 19. f4 O-O-O 20. Ng3 Qg4 21.
Qe3 Rhe8 22. Qf2 Kb8 23. Rd3 f6 24. Ra3 a6 25. Rf3 fxg5 26. fxg5 Rf8 27. Rf7
Bd4 28. Qf1 Rxf7 29. Qxf7 Qxg3 30. Qxg6 Bg1 31. Qe4 Rf8 32. a3 Rf1+ 33. Ka2 Re1
34. Qf5 Qg2 35. Rh3 Re5 36. Qf8+ Ka7 37. Qc8 Qxd5+ 38. Rb3 Bb6 39. g6 Qe6 40.
Qxe6 Rxe6 41. Rg3 Re8 42. Rg5 Rg8 43. Rxh5 Rxg6 44. Rh7 Rg2 45. Kb3 Rh2 46. h5
Bd4 47. Rxc7 Rxh5 48. c3 Be5 49. a4 Kb6 50. Re7 Rh2 51. Rf7 Kc6 52. Ka3 Rh4 53.
Kb3 Rf4 54. Rh7 Rf2 55. Re7 Bf4 56. Re1 Bd2 57. Rh1 d5 58. Rg1 Kc5 59. Rh1 b6
60. Rg1 d4 61. cxd4+ Kxd4 62. Rg4+ Kc5 63. Rc4+ Kd5 64. Rc8 Rf3+ 65. Kc2 Bb4
66. b3 Rf2+ 67. Kc1 a5 68. Rd8+ Kc5 69. Rc8+ Kd4 70. Rc4+ Kd3 71. Kb1 Bc3 0-1

[Event "63. BEM 2009"]
[Site "Dortmund"]
[Date "2009.03.10"]
[Round "8.4"]
[White "Kartsev, Soel"]
[Black "Begna, Bozidar"]
[Result "0-1"]
[WhiteElo "2127"]
[BlackElo "1937"]
[PlyCount "118"]
[EventDate "2009.??.??"]
[Source "SG Dortmund"]
[SourceDate "2004.12.16"]

1. e4 Nf6 2. Nc3 e5 3. Nf3 Nc6 4. Bb5 Nd4 5. Ba4 Bc5 6. d3 O-O 7. Bg5 c6 8.
Nxe5 d6 9. Nf3 Bg4 10. h3 Bxf3 11. gxf3 a5 12. Bb3 b5 13. a3 Qb6 14. Ba2 Nd7
15. f4 Ne6 16. Qf3 Nd4 17. Qd1 Ne6 18. Rh2 Nxg5 19. fxg5 Ne5 20. h4 Kh8 21. f4
Ng6 22. Qg4 Be3 23. f5 Ne5 24. Qg2 b4 25. Nd1 bxa3 26. bxa3 Bd4 27. Rb1 Qc5 28.
a4 Rab8 29. Bb3 Rb4 30. Kf1 Rfb8 31. Qe2 Rxa4 32. h5 Rab4 33. g6 h6 34. f6 fxg6
35. hxg6 Nxg6 36. Rh5 Qa7 37. Qd2 Kh7 38. Rc1 Rf8 39. f7 Be5 40. Ne3 Bf4 41.
Re1 Rb5 42. Rh3 Rg5 43. d4 d5 44. exd5 Rxf7 45. Rf3 cxd5 46. Qd3 Bxe3 47. Rexe3
Rxf3+ 48. Rxf3 a4 49. Ba2 Qb6 50. c4 Qb2 51. Rf2 Qc1+ 52. Ke2 dxc4 53. Bxc4 a3
54. Qb3 Qb2+ 55. Qxb2 axb2 56. Bd3 h5 57. Rf1 Kh6 58. Kd2 h4 59. Kc3 Rg3 0-1

[Event "63. BEM 2009"]
[Site "Dortmund"]
[Date "2009.03.10"]
[Round "8.5"]
[White "Simon, Thomas"]
[Black "Ziperstein, Jakob"]
[Result "1/2-1/2"]
[WhiteElo "1932"]
[BlackElo "1801"]
[PlyCount "119"]
[EventDate "2009.??.??"]
[Source "SG Dortmund"]
[SourceDate "2004.12.16"]

1. Nf3 Nf6 2. g3 g6 3. b3 Bg7 4. Bb2 O-O 5. Bg2 d6 6. d4 c5 7. c4 cxd4 8. Bxd4
Nc6 9. Bb2 Bg4 10. O-O Qc8 11. Re1 Bh3 12. Bh1 Qc7 13. Nc3 Qa5 14. Nd5 Ne4 15.
Bxg7 Kxg7 16. Nd4 Qc5 17. e3 Nf6 18. Nxc6 bxc6 19. Nxe7 Bd7 20. Qd4 Qxd4 21.
exd4 d5 22. cxd5 cxd5 23. Nxd5 Nxd5 24. Bxd5 Rad8 25. Bg2 Be6 26. Rad1 Rd6 27.
Rd2 Rfd8 28. Red1 f5 29. f4 Kf6 30. d5 Bf7 31. Kf2 h6 32. h3 Bg8 33. h4 Bf7 34.
Rd4 R8d7 35. R1d2 g5 36. Bf3 Bg8 37. Rd1 Bf7 38. Ke3 Bg8 39. Rc1 gxh4 40. gxh4
Bxd5 41. Rcd1 Re6+ 42. Kf2 Bxf3 43. Kxf3 Rde7 44. Rd6 Kg6 45. R1d5 Kh5 46. Rxe6
Rxe6 47. Rxf5+ Kxh4 48. Ra5 a6 49. Re5 $2 Rxe5 50. fxe5 Kg5 51. Ke4 h5 52. b4 (
52. Kd5 h4 53. e6 Kf6 (53... h3 $11) 54. Kd6 h3 55. e7 h2 56. e8=Q h1=Q $16)
52... h4 53. a4 h3 54. Kf3 Kf5 55. b5 (55. a5 Kxe5 56. b5 Kd6 57. b6 Kc6 58.
Kg3 Kb7 59. Kxh3 Kb8 60. Kg4 Kb7 61. Kf5 Kb8 62. Ke6 Kb7 63. Kd5 Kb8 64. Kd6
Kb7 65. Kd7 Kb8 66. Kd6 Kc8 67. Kc6 Kb8 68. b7 Ka7 $11) 55... axb5 56. a5 b4
57. a6 b3 58. a7 b2 59. a8=Q b1=Q 60. Qc8+ 1/2-1/2

[Event "63. BEM 2009"]
[Site "Dortmund"]
[Date "2009.03.10"]
[Round "8.6"]
[White "Kropp, Andreas"]
[Black "Raskin, Vitali"]
[Result "0-1"]
[WhiteElo "1884"]
[BlackElo "1612"]
[PlyCount "54"]
[EventDate "2009.??.??"]
[Source "SG Dortmund"]
[SourceDate "2004.12.16"]

1. e4 e5 2. Nf3 Nc6 3. Bc4 d6 4. c3 Bg4 5. Qb3 Na5 6. Bxf7+ Kd7 7. Qa4+ c6 8.
b4 b5 9. Qxa5 Qf6 10. Qa6 Kc7 11. Bxg8 Bxf3 12. gxf3 Qxf3 13. Rg1 Qxe4+ 14. Kd1
Rxg8 15. Rg3 Qh1+ 16. Kc2 Qxh2 17. Rf3 Qh5 18. Re3 Qf5+ 19. Kb2 Qxf2 20. a4
bxa4 21. Na3 d5 22. Rxe5 Qf6 23. d4 Bd6 24. Re2 Qf3 25. Nc2 Rgb8 26. Ne1 Rxb4+
27. cxb4 Qb3# 0-1

[Event "63. BEM 2009"]
[Site "Dortmund"]
[Date "2009.03.10"]
[Round "8.7"]
[White "Sonntag, Joachim"]
[Black "Lauche, Christoph"]
[Result "0-1"]
[WhiteElo "1788"]
[BlackElo "1950"]
[PlyCount "68"]
[EventDate "2009.??.??"]
[Source "SG Dortmund"]
[SourceDate "2004.12.16"]

1. e4 c5 2. Nf3 a6 3. d4 cxd4 4. Nxd4 Nf6 5. Nc3 e5 6. Nf5 d5 7. Ng3 d4 8. Nb1
Nc6 9. Bc4 b5 10. Be2 Bb7 11. O-O g6 12. a4 b4 13. Nd2 Bg7 14. Nc4 O-O 15. a5
Qe7 16. Nb6 Rad8 17. Bd3 Qc5 18. Nc4 Ne8 19. Qe2 Nd6 20. Nxd6 Rxd6 21. Bxa6
Bxa6 22. Qxa6 Qxc2 23. Bg5 Qb3 24. Be7 Re6 25. Bxf8 Bxf8 26. Qb7 d3 27. a6 Bc5
28. a7 Nxa7 29. Rxa7 Bxa7 30. Qxa7 Qxb2 31. Qa1 Qxa1 32. Rxa1 Rc6 33. Kf1 Rc2
34. Ke1 b3 0-1

[Event "63. BEM 2009"]
[Site "Dortmund"]
[Date "2009.03.10"]
[Round "8.8"]
[White "Hellwig, Thomas"]
[Black "Gerke, Dieter"]
[Result "1-0"]
[WhiteElo "1858"]
[BlackElo "1587"]
[PlyCount "51"]
[EventDate "2009.??.??"]
[Source "SG Dortmund"]
[SourceDate "2004.12.16"]

1. d4 c5 2. d5 Nf6 3. c4 d6 4. Nf3 e6 5. Nc3 exd5 6. cxd5 Be7 7. g3 O-O 8. Bg2
Bg4 9. O-O Re8 10. Nd2 Bf8 11. h3 Bd7 12. a4 Na6 13. Nc4 Nc7 14. Bf4 Bc8 15. e4
h6 16. g4 g5 17. Bg3 b6 18. e5 Ba6 19. exd6 Bxc4 20. dxc7 Qd7 21. d6 Bxf1 22.
Bxf1 Ne4 23. Nxe4 Rxe4 24. Qd5 Rae8 ({Eventuell geschah statt dessen} 24...
Ree8 25. Bb5 Qe6 26. Qxe6 {1-0. Beide Spieler schreiben zweideutig!}) 25. Bb5
Qe6 26. Qxe6 1-0

[Event "63. BEM 2009"]
[Site "Dortmund"]
[Date "2009.03.10"]
[Round "8.9"]
[White "Benke, Werner"]
[Black "Hoppe, Dirk"]
[Result "0-1"]
[WhiteElo "1543"]
[BlackElo "1818"]
[PlyCount "78"]
[EventDate "2009.??.??"]
[Source "SG Dortmund"]
[SourceDate "2004.12.16"]

1. Nf3 d5 2. d4 Nf6 3. c4 e6 4. Bg5 Nbd7 5. e3 Bb4+ 6. Nbd2 c5 7. cxd5 exd5 8.
a3 Bxd2+ 9. Qxd2 c4 10. g3 Qb6 11. Bxf6 Nxf6 12. Bg2 O-O 13. O-O Bf5 14. Ne5
Rfe8 15. f3 Rad8 16. Kh1 Nd7 17. f4 Nf6 18. a4 Ne4 19. Qc1 f6 20. Nf3 Re7 21.
a5 Qb4 22. Kg1 Rde8 23. Ra3 Bd7 24. Ne1 Bb5 25. Nc2 Qd6 26. Re1 a6 27. Bxe4
Rxe4 28. Kf2 Bd7 29. Qd2 R4e7 30. Nb4 Bf5 31. b3 Rc8 32. Rc1 Rec7 33. bxc4 Rxc4
34. Rxc4 Rxc4 35. Rb3 Be4 36. Rb2 Qd7 37. Qe2 Qa4 38. Qd2 Qxa5 39. h3 Qc7 0-1

[Event "63. BEM 2009"]
[Site "Dortmund"]
[Date "2009.03.10"]
[Round "8.10"]
[White "Morawietz, Manuel"]
[Black "Gegner, Michael"]
[Result "1/2-1/2"]
[WhiteElo "1810"]
[BlackElo "1440"]
[PlyCount "44"]
[EventDate "2009.??.??"]
[Source "SG Dortmund"]
[SourceDate "2004.12.16"]

1. e4 e5 2. Nf3 f5 3. exf5 e4 4. Qe2 d5 5. Nd4 Nf6 6. d3 c5 7. Nb3 Bxf5 8. dxe4
dxe4 9. Be3 b6 10. Nc3 Be7 11. Qc4 Nc6 12. Bf4 a6 13. Rd1 Qc8 14. Nd5 Nxd5 15.
Qxd5 Be6 16. Qxe4 O-O 17. Bd3 Bf5 18. Qe3 Bxd3 19. cxd3 Bg5 20. Bxg5 Re8 21.
O-O Rxe3 22. fxe3 Qe6 1/2-1/2

[Event "63. BEM 2009"]
[Site "Dortmund"]
[Date "2009.03.10"]
[Round "8.11"]
[White "Rzoczek, Christoph"]
[Black "Ziemek, Gerhard"]
[Result "0-1"]
[WhiteElo "1622"]
[BlackElo "1733"]
[PlyCount "72"]
[EventDate "2009.??.??"]
[Source "SG Dortmund"]
[SourceDate "2004.12.16"]

1. c4 e5 2. Nc3 Nc6 3. g3 Nf6 4. Bg2 Be7 5. d3 O-O 6. Nf3 d6 7. O-O Bg4 8. a3
Rb8 9. Bd2 Qd7 10. b4 a6 11. Rc1 Nd4 12. Nxd4 exd4 13. Nd5 Nxd5 14. Bxd5 c6 15.
Bg2 Bf6 16. c5 d5 17. Bf4 Rbe8 18. Bd6 Be7 19. Be5 f6 20. Bxd4 Bd8 21. Re1 Bc7
22. Qb3 Kh8 23. Rcd1 Be6 24. Qb2 h5 25. h4 Bg4 26. Rd2 Rf7 27. Rf1 Rfe7 28. e4
Bh3 29. Bxh3 Qxh3 30. Re2 Qg4 31. Kh2 Qxh4+ 32. Kg2 Qg4 33. Rh1 dxe4 34. Rh4
Qf3+ 35. Kh2 exd3 36. Rxe7 Rxe7 0-1

[Event "63. BEM 2009"]
[Site "Dortmund"]
[Date "2009.03.10"]
[Round "8.12"]
[White "Krüger, Georg"]
[Black "Clausen, Dirk"]
[Result "1-0"]
[WhiteElo "1711"]
[BlackElo "1606"]
[PlyCount "50"]
[EventDate "2009.??.??"]
[Source "SG Dortmund"]
[SourceDate "2004.12.16"]

1. Nf3 Nf6 2. c4 e6 3. Nc3 Bb4 4. Qc2 c5 5. a3 Bxc3 6. Qxc3 Nc6 7. g3 O-O 8.
Bg2 Ne4 9. Qc2 f5 10. O-O Nd4 11. Nxd4 cxd4 12. d3 Nf6 13. e3 d5 14. exd4 Bd7
15. c5 a5 16. Bf4 a4 17. Rfe1 Rc8 18. b4 axb3 19. Qxb3 Qa5 20. Qb4 Qa6 21. Bf1
Rfe8 22. Reb1 Bc6 23. a4 Nd7 24. Bd6 Ra8 25. a5 Bb5 1-0

[Event "63. BEM 2009"]
[Site "Dortmund"]
[Date "2009.03.10"]
[Round "8.13"]
[White "Boxberg, Marc"]
[Black "Duschek, Günter"]
[Result "1/2-1/2"]
[WhiteElo "1409"]
[BlackElo "1640"]
[PlyCount "79"]
[EventDate "2009.??.??"]
[Source "SG Dortmund"]
[SourceDate "2004.12.16"]

1. e4 d5 2. exd5 Qxd5 3. Nc3 Qd8 4. d4 c6 5. Nf3 Bf5 6. Bd3 Bxd3 7. Qxd3 Nf6 8.
O-O e6 9. Bg5 Be7 10. Bxf6 Bxf6 11. Rfe1 O-O 12. Rad1 Na6 13. a3 Nc7 14. Ne4
Nd5 15. g3 Be7 16. c4 Nf6 17. b4 a6 18. Nxf6+ Bxf6 19. a4 Qb6 20. Qb3 Rfd8 21.
c5 Qc7 22. Ne5 Bxe5 23. Rxe5 Rd5 24. Rxd5 exd5 25. Re1 Qd7 26. a5 Re8 27. Rxe8+
Qxe8 28. Qe3 Qxe3 29. fxe3 f5 30. Kf2 Kf7 31. h4 h6 32. Kg2 Kg6 33. Kf3 Kf6 34.
Kf4 g5+ 35. hxg5+ hxg5+ 36. Kf3 Ke6 37. Kg2 Kf6 38. Kf2 Kg6 39. Kg2 Kh5 40. Kf3
1/2-1/2